AS level and A level applied ICT (Record no. 16903)
[ view plain ]
| 000 -LEADER | |
|---|---|
| fixed length control field | 00613nam a22001937a 4500 |
| 008 - FIXED-LENGTH DATA ELEMENTS--GENERAL INFORMATION | |
| fixed length control field | 180704b xxu||||| |||| 00| 0 eng d |
| 020 ## - INTERNATIONAL STANDARD BOOK NUMBER | |
| International Standard Book Number | 0521717649 |
| 040 ## - CATALOGING SOURCE | |
| Original cataloging agency | KABU |
| Transcribing agency | KABU |
| 050 ## - LIBRARY OF CONGRESS CALL NUMBER | |
| Classification number | QA76.28 |
| Item number | .S27 c. 1 |
| 100 ## - MAIN ENTRY--PERSONAL NAME | |
| Personal name | Sargent, Brian |
| 245 ## - TITLE STATEMENT | |
| Title | AS level and A level applied ICT |
| Statement of responsibility, etc. | Brian Sargent and Graham Brown |
| 250 ## - EDITION STATEMENT | |
| Edition statement | New ed. |
| 260 ## - PUBLICATION, DISTRIBUTION, ETC. (IMPRINT) | |
| Place of publication, distribution, etc. | Cambridge |
| Name of publisher, distributor, etc. | CUP |
| Date of publication, distribution, etc. | 2008 |
| 300 ## - PHYSICAL DESCRIPTION | |
| Extent | xi, 380 p. |
| 650 ## - SUBJECT ADDED ENTRY--TOPICAL TERM | |
| Topical term or geographic name as entry element | Computer science |
| Form subdivision | Examinations, questions, etc. |
| 650 ## - SUBJECT ADDED ENTRY--TOPICAL TERM | |
| Topical term or geographic name as entry element | Information technology |
| Form subdivision | Examinations, |
| -- | Study guides |
| 700 ## - ADDED ENTRY--PERSONAL NAME | |
| Personal name | Brown, Graham |
| 942 ## - ADDED ENTRY ELEMENTS (KOHA) | |
| Source of classification or shelving scheme | Library of Congress Classification |
| Koha item type | General Collection |
| Edition | New ed. |
| Classification part | QA76.28 |
| Withdrawn status | Lost status | Source of classification or shelving scheme | Not for loan | Home library | Current library | Shelving location | Date acquired | Cost, normal purchase price | Total Checkouts | Full call number | Barcode | Date last seen | Copy number | Price effective from | Koha item type | Date last checked out |
|---|---|---|---|---|---|---|---|---|---|---|---|---|---|---|---|---|
| Library of Congress Classification | Kabarak, Main Campus | Kabarak, Main Campus | General Stacks | 04/07/2018 | 4640.00 | QA76.28 .S27 c. 1 | 025334 | 04/07/2018 | c. 1 | 04/07/2018 | General Collection | |||||
| Library of Congress Classification | Kabarak, Main Campus | Kabarak, Main Campus | General Stacks | 04/07/2018 | 4640.00 | 1 | QA76.28 .S27 c. 2 | 025335 | 19/12/2019 | c. 2 | 04/07/2018 | General Collection | 05/11/2019 | |||
| Library of Congress Classification | Kabarak, Main Campus | Kabarak, Main Campus | General Stacks | 04/07/2018 | 4640.00 | 1 | QA76.28 .S27 c. 3 | 025336 | 17/12/2019 | c. 3 | 04/07/2018 | General Collection | 05/12/2019 | |||
| Library of Congress Classification | Kabarak, Main Campus | Kabarak, Main Campus | General Stacks | 04/09/2018 | 4640.00 | QA76.28 .S27 c. 4 | 022123 | 04/09/2018 | c. 4 | 04/09/2018 | General Collection |